Minagricultura 80 años : (Registro nro. 12580)

Detalles MARC
000 -LEADER
fixed length control field 02790cam a2200517 i 4500
003 - CONTROL NUMBER IDENTIFIER
control field OSt
005 - DATE AND TIME OF LATEST TRANSACTION
control field 20210924094852.0
008 - FIXED-LENGTH DATA ELEMENTS--GENERAL INFORMATION
fixed length control field 981118s1994 ck ad fr 000 0 spa d
020 ## - INTERNATIONAL STANDARD BOOK NUMBER
International Standard Book Number 9586015116
040 ## - CATALOGING SOURCE
Original cataloging agency CO-BoPUJ
Transcribing agency CO-JMCR
041 0# - LANGUAGE CODE
Language code of text/sound track or separate title spa
082 04 - DEWEY DECIMAL CLASSIFICATION NUMBER
Classification number 338.109861 /
Item number C718a
Edition number 21
110 1# - MAIN ENTRY--CORPORATE NAME
Corporate name or jurisdiction name as entry element Colombia.
Subordinate unit Ministerio de Agricultura
9 (RLIN) 38268
245 10 - TITLE STATEMENT
Title Minagricultura 80 años :
Remainder of title El agro y la cuestión social /
Statement of responsibility, etc. Ministerio de Agricultura ; Catherine Legrand, Alfredo Molano Bravo, Darío Fajardo Montaña, [Y otros 12]
250 ## - EDITION STATEMENT
Edition statement Primera edición.
260 ## - PUBLICATION, DISTRIBUTION, ETC.
Place of publication, distribution, etc. Bogotá :
Name of publisher, distributor, etc. Tercer Mundo,
Date of publication, distribution, etc. 1994.
300 ## - PHYSICAL DESCRIPTION
Extent 417 páginas :
Other physical details ilustraciones, cuadros y gráficas ;
Dimensions 23 cm
504 ## - BIBLIOGRAPHY, ETC. NOTE
Bibliography, etc. note Bibliografía : páginas 401-417.
505 ## - FORMATTED CONTENTS NOTE
Title Colonización y conflicto en el sector rural. -- Pobreza rural. -- Movimientos sociales. -- Desarrollo rural. -- Estrategias para la paz.
520 0# - SUMMARY, ETC.
Summary, etc. Los artículos presentados en esta colección ponen de manifiesto que los temas sociales son de la mayor relevancia para la comprensión de lo que ha sido la evolución de la problemática agraria en Colombia. El destacado papel de los actores sociales del sector rural, que cada vez L hacen más presencia en la vida nacional e influyen más en nuestro destino, queda al descubierto en estas lecturas, que recuerdan permanentemente cómo los problemas agrarios no están centrados solamente en la producción y en el suministro de alimentos.
650 14 - SUBJECT ADDED ENTRY--TOPICAL TERM
Topical term or geographic name entry element Agricultura
General subdivision Aspectos económicos
Geographic subdivision Colombia
9 (RLIN) 7065
650 24 - SUBJECT ADDED ENTRY--TOPICAL TERM
Topical term or geographic name entry element Sociología rural
Geographic subdivision Colombia
9 (RLIN) 40020
650 24 - SUBJECT ADDED ENTRY--TOPICAL TERM
Topical term or geographic name entry element Reforma agraria
Geographic subdivision Colombia
9 (RLIN) 13644
650 24 - SUBJECT ADDED ENTRY--TOPICAL TERM
Topical term or geographic name entry element Colonización de tierras
Geographic subdivision Colombia
9 (RLIN) 40021
650 24 - SUBJECT ADDED ENTRY--TOPICAL TERM
Topical term or geographic name entry element Agricultura y estado
Geographic subdivision Colombia
9 (RLIN) 38086
650 24 - SUBJECT ADDED ENTRY--TOPICAL TERM
Topical term or geographic name entry element Macroeconomía
9 (RLIN) 40784
650 24 - SUBJECT ADDED ENTRY--TOPICAL TERM
Topical term or geographic name entry element Café
General subdivision Mercadeo
9 (RLIN) 40023
650 24 - SUBJECT ADDED ENTRY--TOPICAL TERM
Topical term or geographic name entry element Inmunogenética veterinaria
General subdivision Aspectos económicos
9 (RLIN) 40024
650 24 - SUBJECT ADDED ENTRY--TOPICAL TERM
Topical term or geographic name entry element Movimientos campesinos
Geographic subdivision Colombia
9 (RLIN) 40025
650 24 - SUBJECT ADDED ENTRY--TOPICAL TERM
Topical term or geographic name entry element Productos agrícolas
General subdivision Comercio
9 (RLIN) 40026
650 24 - SUBJECT ADDED ENTRY--TOPICAL TERM
Topical term or geographic name entry element Desarrollo rural
General subdivision historia
Chronological subdivision 1961-1993
Geographic subdivision Colombia
9 (RLIN) 40027
650 24 - SUBJECT ADDED ENTRY--TOPICAL TERM
Topical term or geographic name entry element Campesinos
General subdivision Historia
Geographic subdivision Colombia
9 (RLIN) 40028
650 24 - SUBJECT ADDED ENTRY--TOPICAL TERM
Topical term or geographic name entry element Pobreza
General subdivision Historia
Geographic subdivision Colombia
9 (RLIN) 40029
650 24 - SUBJECT ADDED ENTRY--TOPICAL TERM
Topical term or geographic name entry element Mujeres campesinas
General subdivision Condiciones sociales
Geographic subdivision Colombia
9 (RLIN) 40030
700 1# - ADDED ENTRY--PERSONAL NAME
Personal name Kalmanovitz Krauter, Salomón
Relator term autor
9 (RLIN) 12482
700 1# - ADDED ENTRY--PERSONAL NAME
Personal name LeGrand, Catherine
Relator term autora
9 (RLIN) 40785
700 1# - ADDED ENTRY--PERSONAL NAME
Personal name García García, Jorge
Relator term autora
9 (RLIN) 40102
700 1# - ADDED ENTRY--PERSONAL NAME
Personal name Kalmanovitz Krauter, Salomón
Relator term autor
9 (RLIN) 12482
710 2# - ADDED ENTRY--CORPORATE NAME
Corporate name or jurisdiction name as entry element Empresa de Acueducto y Alcantarillado de Bogotá
9 (RLIN) 6740
710 2# - ADDED ENTRY--CORPORATE NAME
Corporate name or jurisdiction name as entry element Banco Ganadero
9 (RLIN) 40106
710 2# - ADDED ENTRY--CORPORATE NAME
Corporate name or jurisdiction name as entry element Caja Agraria
9 (RLIN) 40107
740 3# - ADDED ENTRY--UNCONTROLLED RELATED/ANALYTICAL TITLE
Uncontrolled related/analytical title El agro y la cuestión social
740 0# - ADDED ENTRY--UNCONTROLLED RELATED/ANALYTICAL TITLE
Uncontrolled related/analytical title Transformaciones en la estructura Agraria
740 3# - ADDED ENTRY--UNCONTROLLED RELATED/ANALYTICAL TITLE
Uncontrolled related/analytical title La agricultura y las politicas sectoriales
942 ## - ADDED ENTRY ELEMENTS (KOHA)
Source of classification or shelving scheme Dewey Decimal Classification
Koha item type Books
Existencias
Withdrawn status Lost status Source of classification or shelving scheme Damaged status Not for loan Home library Current library Shelving location Date acquired Source of acquisition Full call number Barcode Date last seen Copy number Price effective from Koha item type
    Dewey Decimal Classification     Biblioteca Pública José María del Castillo y Rada Biblioteca Pública José María del Castillo y Rada General Stacks 04/15/2018 Donación 338.109861 / C718a 430004899 05/16/2024 Ej.1 03/10/2021 Books